| 000 -ლიდერი |
| ფიქსირებული სიგრძის საკონტროლო ველი |
01349nam a2200241Ia 4500 |
| 001 - საკონტროლო ნომერი |
| საკონტროლო ველი |
18955 |
| 003 - საკონტროლო ნომრის იდენტიფიკატორი |
| საკონტროლო ველი |
GE_BSU |
| 005 - ბოლო ოპერაციის თარიღი და დრო |
| საკონტროლო ველი |
20210421170441.0 |
| 008 - ფიქსირებული სიგრძის მონაცემთა ელემენტები - ზოგადი ინფორმაცია |
| ფიქსირებული სიგრძის საკონტროლო ველი |
181216s2013||||ge |||||||||||||| ||geo|| |
| 040 ## - კატალოგიზაციის წყარო |
| Transcribing agency |
GE_BSU |
| 041 ## - ენის კოდი |
| Language code of text/sound track or separate title |
geo |
| 080 ## - უნივერსალური ათობითი კლასიფიკაციის ინდექსი |
| Universal Decimal Classification number |
7 კ-40 |
| 100 ## - მთავარი ჩანაწერი - პიროვნების სახელი |
| Personal name |
კეჟერაძე, თეიმურაზ |
| 9 (RLIN) |
11499 |
| 245 ## - ცნობა სათაურის შესახებ |
| Title |
ფრიდრიხ შილერის პიესების ინტერპრეტაციები ქართულ თეატრში / |
| Statement of responsibility, etc |
თეიმურაზ კეჟერაძე; სამეცნიერო ხელმძღვანელი ვ. კიკნაძე; ბათუმის შოთა რუსთაველის სახ-ფო უნ-ტი. |
| 264 ## - წარმოების, გამოცემის, დისტრიბუციის და სხვა ცნობები |
| გამოცემის, წარმოების, დისტრიბუციის... ადგილი |
ბათუმი, |
| გამოცემის, წარმოების, დისტრიბუციის... თარიღი |
2013. |
| 300 ## - ფიზიკური აღწერა |
| Extent |
168 გვ. |
| Other physical details |
30 სმ. |
| 653 ## - INDEX TERM--UNCONTROLLED |
| Uncontrolled term |
დისერტაცია |
| 653 ## - INDEX TERM--UNCONTROLLED |
| Uncontrolled term |
ფრიდრიხ შილერის პიესების ინტერპრეტაციები ქართულ თეატრში |
| 653 ## - INDEX TERM--UNCONTROLLED |
| Uncontrolled term |
ხელოვნება |
| 700 ## - ADDED ENTRY--PERSONAL NAME |
| Personal name |
კიკნაძე, ვ. |
| Relator term |
სამეცნიერო ხელმძღვანელი |
| 9 (RLIN) |
4368 |
| 711 ## - ADDED ENTRY--MEETING NAME |
| Meeting name or jurisdiction name as entry element |
ბათუმის შოთა რუსთაველის სახ-ფო უნ-ტი. |
| 9 (RLIN) |
10472 |
| 942 ## - ADDED ENTRY ELEMENTS (KOHA) |
| Koha item type |
წიგნი |
| Source of classification or shelving scheme |
|